| 000 | 00846nam a22002777a 4500 | ||
|---|---|---|---|
| 001 | 000009610 | ||
| 003 | DO-SdBNP | ||
| 005 | 20250212134718.0 | ||
| 007 | ta | ||
| 008 | 820701s2000 sp a 000 f spa d | ||
| 020 | _a8447301303 | ||
| 040 |
_aDO-SdBNP _bspa _cBNPHU _erda |
||
| 082 | 4 |
_aPe863.44 _bV297gu _222 |
|
| 100 | 1 |
_aVargas Llosa, Mario, _d1936- _912567 _eautor _4aut. |
|
| 245 | 1 | 3 |
_aLa guerra del fin del mundo / _cMario Vargas Llosa. |
| 264 | 4 |
_aBarcelona : _bRBA Editores, _c©1981. |
|
| 300 |
_a527 páginas ; _c23 cm. |
||
| 336 |
_atexto _btxt _2rdacontent |
||
| 337 |
_asin mediación _bn _2rdamedia |
||
| 338 |
_avolumen _bnc _2rdacarrier |
||
| 650 | 4 |
_aNovela peruana _912569 |
|
| 650 | 4 |
_aLiteratura peruana _93140 |
|
| 651 | 0 |
_aBrasil _xHistoria _921690 _y Campaña de Canudos, 1893-1897 |
|
| 910 | _aWM | ||
| 942 |
_2ddc _cLBS1 |
||
| 999 |
_c9370 _d9370 |
||